[Event "National Club ch."]
[Site "?"]
[Date "1987.04.05"]
[Round "?"]
[White "Stebbings, A."]
[Black "Giddins, S."]
[Result "0-1"]
[WhiteElo "2224"]
[BlackElo "2088"]
[PlyCount "34"]
[EventDate "1987.??.??"]

1. d4 Nf6 2. c4 e6 3. Nc3 Bb4 4. e3 O-O 5. Nge2 d5 6. a3 Be7 7. cxd5 exd5 8.
Nf4 c6 9. Bd3 a5 10. O-O Na6 11. b3 Re8 12. Ra2 Nc7 13. f3 Ne6 14. Nfe2 c5 15.
g4 Bd7 16. Kh1 Rc8 17. Nb5 c4 0-1

[Event "London league"]
[Site "?"]
[Date "1987.04.08"]
[Round "?"]
[White "Stebbings, A."]
[Black "Lamford, P."]
[Result "1/2-1/2"]
[WhiteElo "2224"]
[BlackElo "2328"]
[PlyCount "31"]
[EventDate "1987.??.??"]

1. d4 Nf6 2. c4 e6 3. Nc3 Bb4 4. e3 c5 5. Nge2 cxd4 6. exd4 d5 7. c5 O-O 8. a3
Bxc3+ 9. Nxc3 b6 10. b4 e5 11. dxe5 Re8 12. Be2 Rxe5 13. Bf4 Re6 14. O-O bxc5
15. bxc5 Ba6 16. Rb1 1/2-1/2

[Event "London league"]
[Site "?"]
[Date "1987.04.23"]
[Round "?"]
[White "Stebbings, A."]
[Black "Phillips, O."]
[Result "1/2-1/2"]
[WhiteElo "2224"]
[BlackElo "1944"]
[PlyCount "73"]
[EventDate "1987.??.??"]

1. d4 e6 2. e4 d5 3. Nd2 c5 4. exd5 exd5 5. Ngf3 Nf6 6. c3 a6 7. dxc5 Bxc5 8.
Nb3 Be7 9. Be2 O-O 10. O-O Nc6 11. h3 Qc7 12. Be3 Rd8 13. Nbd4 Nh5 14. Nxc6
bxc6 15. Nd4 Nf6 16. Qc2 g6 17. Bf3 Rb8 18. Rfd1 c5 19. Ne2 Bd6 20. Bg5 Bf5 21.
Qd2 Be5 22. Bf4 Ne4 23. Bxe5 Qxe5 24. Qf4 Qxf4 25. Nxf4 d4 26. cxd4 cxd4 27.
Bxe4 Bxe4 28. Rd2 h5 29. Rad1 d3 30. f3 Bf5 31. h4 Rd4 32. g3 Kg7 33. Kf2 Rc8
34. Ke3 Rb4 35. Nxd3 Re8+ 36. Kf2 Bxd3 37. Rxd3 1/2-1/2

[Event "Eastman cup"]
[Site "London"]
[Date "1987.04.30"]
[Round "?"]
[White "Stebbings, A."]
[Black "Sowray, P."]
[Result "1-0"]
[WhiteElo "2224"]
[BlackElo "2328"]
[PlyCount "71"]
[EventDate "1987.??.??"]

1. d4 d5 2. c4 c6 3. Nc3 Nf6 4. e3 g6 5. Nf3 Bg7 6. Be2 O-O 7. O-O Nbd7 8. b3
b6 9. Qc2 Bb7 10. Rd1 Rc8 11. Bb2 Qc7 12. Rac1 Qb8 13. Qb1 Rfe8 14. cxd5 cxd5
15. Bd3 a6 16. a4 Qd6 17. Qa2 Ne4 18. Ne2 Qf6 19. Qb1 g5 20. Rxc8 Rxc8 21. Rc1
Rxc1+ 22. Qxc1 Nxf2 23. Kxf2 g4 24. Qc7 gxf3 25. Qxd7 fxe2+ 26. Kxe2 Qg5 27.
Kf2 Bh6 28. Bc1 Qf6+ 29. Kg1 Bc6 30. Qc8+ Kg7 31. Qg4+ Kf8 32. Bxh7 e5 33. Ba3+
Ke8 34. Qc8+ Qd8 35. Qxc6+ Qd7 36. Qa8+ 1-0

[Event "Tournament: Essex ch."]
[Site "Ilford"]
[Date "1987.05.01"]
[Round "?"]
[White "Stebbings, A."]
[Black "Coleman, D."]
[Result "1/2-1/2"]
[WhiteElo "2168"]
[BlackElo "2232"]
[PlyCount "78"]
[EventDate "1987.??.??"]

1. d4 Nf6 2. c3 g6 3. Bg5 Bg7 4. Nd2 O-O 5. e3 d6 6. Bd3 Nbd7 7. Ne2 c5 8. a4
b6 9. a5 Bb7 10. O-O Qc7 11. b4 Rab8 12. axb6 axb6 13. Qb3 Ba8 14. Rfb1 e5 15.
bxc5 bxc5 16. Qa2 exd4 17. cxd4 Nd5 18. Be4 N5b6 19. Bxa8 Rxa8 20. Qc2 c4 21.
Bf4 f5 22. Qc3 Qc6 23. Qb4 d5 24. Nc3 Rxa1 25. Rxa1 Re8 26. Qd6 Qxd6 27. Bxd6
Kf7 28. Ra6 Bf6 29. Nf3 Ke6 30. Bc7 Ra8 31. Rxa8 Nxa8 32. Ba5 h6 33. Bb4 Nab6
34. Kf1 Be7 35. Bxe7 Kxe7 36. Ke2 Kf6 37. Nd2 Nf8 38. Nf3 Nfd7 39. Nd2 Nf8
1/2-1/2

[Event "Tournament: Essex ch."]
[Site "Ilford"]
[Date "1987.05.02"]
[Round "?"]
[White "Carr, N."]
[Black "Stebbings, A."]
[Result "1-0"]
[WhiteElo "2312"]
[BlackElo "2168"]
[PlyCount "121"]
[EventDate "1987.??.??"]

1. e4 c5 2. d4 cxd4 3. c3 Nf6 4. e5 Nd5 5. Nf3 d6 6. exd6 Qxd6 7. Nxd4 a6 8.
Na3 g6 9. Be2 Bg7 10. Ndb5 axb5 11. Nxb5 Qd8 12. Qxd5 O-O 13. Qxd8 Rxd8 14. O-O
Nc6 15. Be3 Be6 16. Nc7 Rxa2 17. Nxe6 Rxa1 18. Rxa1 fxe6 19. Rd1 Rd5 20. f3 Kf7
21. Kf2 Ke8 22. Ra1 Ra5 23. Rxa5 Nxa5 24. b4 Nc6 25. Bd2 Kd7 26. Ke3 Kd6 27.
Ke4 Kd7 28. c4 Bb2 29. c5 Bf6 30. Bb5 Kc7 31. Bc4 Kd7 32. b5 Ne5 33. Bb3 Nf7
34. Ba4 Nd8 35. Kd3 Be5 36. g3 Kc8 37. Kc4 Kd7 38. Be3 Kc8 39. Bd4 Bf6 40. b6
Nf7 41. c6 bxc6 42. Bxf6 exf6 43. Bxc6 g5 44. g4 Kb8 45. Kc5 Kc8 46. Be4 Kd7
47. Bxh7 Ne5 48. Be4 Nf7 49. h3 Nd8 50. b7 Kc7 51. b8=Q+ Kxb8 52. Kd6 f5 53.
gxf5 exf5 54. Bxf5 Nf7+ 55. Ke6 Nd8+ 56. Kf6 Kc7 57. Kxg5 Kd6 58. Kf6 Nc6 59.
h4 Nd4 60. h5 Nxf3 61. h6 1-0

[Event "Tournament: Essex ch."]
[Site "Ilford"]
[Date "1987.05.02"]
[Round "?"]
[White "Stebbings, A."]
[Black "Hanreck, A."]
[Result "1/2-1/2"]
[WhiteElo "2168"]
[BlackElo "2264"]
[PlyCount "94"]
[EventDate "1987.??.??"]

1. d4 Nf6 2. c4 d6 3. Nc3 Nbd7 4. e4 e5 5. Nf3 c6 6. Be2 Be7 7. O-O O-O 8. Qc2
a6 9. Rd1 Qc7 10. a3 b5 11. Bg5 Bb7 12. cxb5 cxb5 13. d5 Rac8 14. Rac1 Qb8 15.
b4 h6 16. Bh4 Rc7 17. Bd3 Rfc8 18. Qb3 Nb6 19. Rc2 g5 20. Bg3 Nh5 21. Rdc1 g4
22. Nd2 Bg5 23. Ncb1 f5 24. Rxc7 Rxc7 25. Rxc7 Qxc7 26. exf5 Qc1+ 27. Nf1 Bxd5
28. Qc2 Qxc2 29. Bxc2 Kf7 30. Ne3 Bxe3 31. fxe3 Nxg3 32. hxg3 Bb7 33. e4 d5 34.
Nd2 Kf6 35. Kf2 Nc4 36. Nxc4 bxc4 37. exd5 Bxd5 38. a4 Bc6 39. Ke3 h5 40. Kf2
e4 41. Ke3 Ke5 42. f6 Kxf6 43. Kd4 e3 44. Kxe3 Bxg2 45. b5 axb5 46. axb5 Bf3
47. b6 c3 1/2-1/2

[Event "Tournament: Essex ch."]
[Site "Ilford"]
[Date "1987.05.03"]
[Round "?"]
[White "Sands, D."]
[Black "Stebbings, A."]
[Result "0-1"]
[WhiteElo "2128"]
[BlackElo "2168"]
[PlyCount "44"]
[EventDate "1987.??.??"]

1. d4 Nf6 2. c4 e6 3. Nc3 Bb4 4. e3 c5 5. Bd3 Nc6 6. Nge2 d5 7. O-O dxc4 8.
Bxc4 O-O 9. a3 Bxc3 10. bxc3 e5 11. Bb2 Re8 12. Ba2 Be6 13. Bb1 Qb6 14. Qc2 Bb3
15. dxc5 Qb5 16. a4 Qc4 17. Qd3 Rad8 18. Nd4 exd4 19. cxd4 Ne4 20. Rc1 Qxd3 21.
Bxd3 Nb4 22. Bb5 Nc2 0-1

[Event "Tournament: Essex ch."]
[Site "Ilford"]
[Date "1987.05.04"]
[Round "?"]
[White "Stebbings, A."]
[Black "Lewis, A."]
[Result "0-1"]
[WhiteElo "2168"]
[BlackElo "2256"]
[PlyCount "114"]
[EventDate "1987.??.??"]

1. d4 Nf6 2. c3 g6 3. Bg5 Bg7 4. Nd2 O-O 5. e3 d6 6. Bd3 e5 7. Ne2 h6 8. Bh4
Nc6 9. O-O g5 10. Bg3 Nh5 11. b4 f5 12. b5 Ne7 13. Qb3+ Kh8 14. f4 Ng6 15. Qc2
gxf4 16. exf4 e4 17. Bc4 Nf6 18. Rfd1 h5 19. Nf1 d5 20. Bb3 Bh6 21. Qd2 Be6 22.
Bf2 Rg8 23. Be3 h4 24. h3 Nh5 25. Nh2 Qd7 26. a4 Qg7 27. Rf1 a6 28. bxa6 Rxa6
29. Rf2 Bf7 30. Nf1 Nf8 31. Nc1 Rg6 32. Bd1 Nxf4 33. Bxf4 Bxf4 34. Qe2 e3 35.
Nxe3 Bxe3 36. Qxe3 Rxg2+ 37. Kf1 Rg1+ 38. Ke2 Bh5+ 39. Rf3 Bxf3+ 40. Qxf3 Rg2+
41. Ke1 Rg1+ 42. Kd2 Qg2+ 43. Be2 Qxf3 44. Bxf3 c6 45. a5 R1g3 46. Be2 Rxh3 47.
Nd3 Ne6 48. Rf1 Ng5 49. Rxf5 Ne4+ 50. Kc2 Ng3 51. Re5 Rh2 52. Nc1 h3 53. Kb3
Rh1 54. Nd3 Nxe2 55. Rxe2 Rg2 56. Re6 Rb1+ 57. Ka3 h2 0-1

[Event "London league"]
[Site "?"]
[Date "1987.05.11"]
[Round "?"]
[White "Pickett, L."]
[Black "Stebbings, A."]
[Result "1/2-1/2"]
[WhiteElo "2008"]
[BlackElo "2168"]
[PlyCount "65"]
[EventDate "1987.??.??"]

1. e4 c5 2. Nf3 e6 3. d4 cxd4 4. Nxd4 Nc6 5. Nc3 a6 6. Be2 Qc7 7. Be3 Nf6 8. a3
Be7 9. Qd2 d6 10. f4 O-O 11. Rd1 Bd7 12. O-O Nxd4 13. Qxd4 Bc6 14. f5 b5 15.
Kh1 Qb7 16. Bf3 e5 17. Qd3 b4 18. axb4 Qxb4 19. b3 Rfc8 20. Bd2 Qd4 21. Be3
Qxd3 22. Rxd3 Bb5 23. Nxb5 axb5 24. Rd2 Ra2 25. Rc1 Rc3 26. Bg5 h6 27. Bxf6
Bxf6 28. Rxd6 Raxc2 29. Rxc2 Rxc2 30. h3 Rc3 31. Bd1 Bg5 32. Kg1 Be3+ 33. Kf1
1/2-1/2

[Event "National Club ch."]
[Site "?"]
[Date "1987.05.16"]
[Round "?"]
[White "Stebbings, A."]
[Black "Howell, J."]
[Result "1/2-1/2"]
[WhiteElo "2168"]
[BlackElo "2344"]
[PlyCount "100"]
[EventDate "1987.??.??"]

1. d4 Nf6 2. c4 g6 3. Nc3 Bg7 4. e4 d6 5. f3 O-O 6. Be3 Nc6 7. Qd2 a6 8. Nge2
Rb8 9. h4 h5 10. O-O-O b5 11. Bh6 e5 12. Bxg7 Kxg7 13. dxe5 Nxe5 14. cxb5 axb5
15. Nf4 b4 16. Ncd5 Nxd5 17. Nxd5 c5 18. f4 Ng4 19. Bc4 Be6 20. g3 f5 21. Rhe1
Nh6 22. e5 Nf7 23. Qc2 dxe5 24. fxe5 Bxd5 25. Bxd5 Qc7 26. Bxf7 Rxf7 27. Qc4
Rd8 28. Rxd8 Qxd8 29. Rd1 Qc8 30. Rd5 f4 31. Rxc5 Qh3 32. Rc7 Qh1+ 33. Kc2 Qg2+
34. Kb3 Qxg3+ 35. Kxb4 Qe1+ 36. Ka4 Rxc7 37. Qxc7+ Kh6 38. Qe7 Qe4+ 39. b4 f3
40. Qf8+ Kh7 41. Qf7+ Kh6 42. Qf8+ Kh7 43. Qf7+ Kh6 44. e6 Qc2+ 45. Kb5 f2 46.
Qf8+ Kh7 47. Qf7+ Kh6 48. e7 Qd3+ 49. Ka5 Qa3+ 50. Kb5 Qd3+ 1/2-1/2

[Event "Kent league"]
[Site "?"]
[Date "1987.05.17"]
[Round "?"]
[White "Smith, AP."]
[Black "Stebbings, A."]
[Result "1-0"]
[WhiteElo "2064"]
[BlackElo "2168"]
[PlyCount "59"]
[EventDate "1987.??.??"]

1. e4 c5 2. Nf3 e6 3. d4 cxd4 4. Nxd4 Nc6 5. Nc3 a6 6. g3 Nge7 7. Be3 b5 8. Qe2
Nxd4 9. Bxd4 Nc6 10. Be3 d6 11. f4 Be7 12. Bg2 Qc7 13. O-O O-O 14. Rad1 Rb8 15.
Bc1 Bd7 16. g4 b4 17. Nb1 e5 18. c3 exf4 19. Rxf4 Ne5 20. h3 Bg5 21. Rf2 Bb5
22. c4 Bxc4 23. Qc2 Bxc1 24. Rxc1 Qb6 25. Nd2 Rbc8 26. Bf1 Bxf1 27. Qxc8 Nd3
28. Qf5 Bxh3 29. Qxf7+ Rxf7 30. Rc8+ 1-0

[Event "Team match"]
[Site "London"]
[Date "1987.07.25"]
[Round "?"]
[White "Ashby, A."]
[Black "Stebbings, A."]
[Result "1/2-1/2"]
[WhiteElo "2128"]
[BlackElo "2168"]
[PlyCount "49"]
[EventDate "1987.??.??"]

1. e4 c5 2. Nf3 e6 3. d4 cxd4 4. Nxd4 Nc6 5. Nc3 a6 6. Be2 Qc7 7. O-O Nf6 8.
Be3 Bb4 9. f3 O-O 10. a3 Bxc3 11. bxc3 Ne5 12. Nb3 d5 13. Qe1 dxe4 14. fxe4
Nxe4 15. Bd3 Nxd3 16. cxd3 Qxc3 17. dxe4 Qxb3 18. Rf3 Qc4 19. e5 Qe4 20. Qg3
Qg6 21. Qh4 f5 22. exf6 Rxf6 23. Rg3 Qf5 24. Rd1 h6 25. Rf3 1/2-1/2

[Event "Tournament: Barbican Open"]
[Site "London"]
[Date "1987.09.11"]
[Round "?"]
[White "Stebbings, A."]
[Black "Franks, J."]
[Result "1-0"]
[WhiteElo "2168"]
[BlackElo "1832"]
[PlyCount "83"]
[EventDate "1987.??.??"]

1. e4 e6 2. d4 d5 3. Nd2 c5 4. exd5 exd5 5. Ngf3 Nc6 6. Bb5 Bd6 7. dxc5 Bxc5 8.
O-O Nge7 9. Nb3 Bb6 10. Re1 O-O 11. Be3 Bxe3 12. Rxe3 Bf5 13. Nfd4 Be4 14. Bxc6
bxc6 15. Qe1 Nf5 16. Rxe4 dxe4 17. Nxf5 Qf6 18. Qxe4 Rfe8 19. Qg4 Re5 20. Ne3
Rae8 21. Qd4 Qe7 22. Rd1 Rd5 23. Qg4 Qh4 24. Qf3 Rh5 25. h3 Qg5 26. Qxc6 Rf8
27. Rd5 Qh6 28. Qxh6 Rxh6 29. Ra5 Ra8 30. Kf1 Rd6 31. Ke2 Kf8 32. c4 g6 33. c5
Re6 34. Nd4 Re5 35. Nc6 Re6 36. Nxa7 f5 37. g3 Ke8 38. Kf3 Re7 39. Nc6 Rxa5 40.
Nxa5 Re4 41. Nac4 h5 42. Nd6+ 1-0

[Event "Tournament: Barbican Open"]
[Site "London"]
[Date "1987.09.12"]
[Round "?"]
[White "Stebbings, A."]
[Black "King, D."]
[Result "0-1"]
[WhiteElo "2168"]
[BlackElo "2520"]
[PlyCount "104"]
[EventDate "1987.??.??"]

1. d4 e6 2. e4 d5 3. Nd2 c5 4. exd5 exd5 5. Bb5+ Bd7 6. Qe2+ Qe7 7. Bxd7+ Nxd7
8. dxc5 Nxc5 9. Nb3 O-O-O 10. Qxe7 Bxe7 11. Ne2 Nf6 12. Be3 b6 13. O-O-O Ng4
14. Bd4 Ne6 15. Rdf1 Nxd4 16. Nbxd4 Kb7 17. h3 Ne5 18. Rd1 Bf6 19. c3 Rhe8 20.
Kb1 a6 21. Rhe1 Nc4 22. Nc2 Bg5 23. Ned4 Re4 24. Nf3 Bf6 25. Nb4 Nxb2 26. Rxd5
Na4 27. Rxd8 Bxd8 28. Kc2 Rc4 29. Nd5 Rc5 30. Rd1 b5 31. Rd3 Ba5 32. Nd2 Rc8
33. Nb3 Bd8 34. f4 g6 35. g4 Nb6 36. Nxb6 Bxb6 37. Rd7+ Rc7 38. Rxc7+ Bxc7 39.
Nc5+ Kb6 40. Nd3 a5 41. Kd2 Kc6 42. Ke3 Kd5 43. Nb2 Bd6 44. Nd3 a4 45. Nb2 a3
46. Nd3 Kc4 47. Kd2 f5 48. gxf5 gxf5 49. Kc2 Kd5 50. Nf2 Bxf4 51. Kd3 Bd6 52.
Nd1 Bc5 0-1

[Event "Tournament: Barbican Open"]
[Site "London"]
[Date "1987.09.12"]
[Round "?"]
[White "Lovey, M."]
[Black "Stebbings, A."]
[Result "0-1"]
[WhiteElo "2000"]
[BlackElo "2168"]
[PlyCount "80"]
[EventDate "1987.??.??"]

1. d4 Nf6 2. Nf3 e6 3. c4 Bb4+ 4. Nbd2 b6 5. a3 Bxd2+ 6. Qxd2 Bb7 7. b4 d6 8.
e3 Nbd7 9. Be2 O-O 10. O-O Qe7 11. Bb2 Ne4 12. Qc2 f5 13. Rfd1 c5 14. Rac1 g5
15. bxc5 bxc5 16. dxc5 Ndxc5 17. Nd4 g4 18. Nb3 Bc6 19. Nxc5 Nxc5 20. Qc3 e5
21. Ba1 Rf6 22. Bf1 Rh6 23. g3 Qe8 24. h4 gxh3 25. Kh2 Qh5 26. Rxd6 Qf3 27.
Rxc6 Qxf2+ 28. Kh1 Ne4 29. Qxe5 Qf3+ 30. Kh2 Qf2+ 31. Kh1 Nxg3+ 32. Qxg3+ Qxg3
33. Rxh6 Qf3+ 34. Kh2 Qf2+ 35. Kh1 Qxe3 36. Bb2 Qxh6 37. c5 Qc6+ 38. Kh2 Rd8
39. Rc2 Rd1 40. Bxh3 Qh1+ 0-1

[Event "Tournament: Barbican Open"]
[Site "London"]
[Date "1987.09.13"]
[Round "?"]
[White "Galloway, I."]
[Black "Stebbings, A."]
[Result "1-0"]
[WhiteElo "2024"]
[BlackElo "2168"]
[PlyCount "41"]
[EventDate "1987.??.??"]

1. d4 Nf6 2. Nf3 e6 3. Nbd2 c5 4. e4 cxd4 5. e5 Nd5 6. Nxd4 d6 7. exd6 Bxd6 8.
Ne4 Be7 9. Bc4 O-O 10. O-O b6 11. Qe2 Bb7 12. Rd1 Qc7 13. Ng3 Rd8 14. Nxe6 fxe6
15. Qxe6+ Kh8 16. Bxd5 Qxc2 17. Bh6 Bxd5 18. Bxg7+ Kxg7 19. Qxe7+ Bf7 20. Qg5+
Bg6 21. Nh5+ 1-0

[Event "Tournament: Barbican Open"]
[Site "London"]
[Date "1987.09.13"]
[Round "?"]
[White "Stebbings, A."]
[Black "Poulton, J."]
[Result "1-0"]
[WhiteElo "2168"]
[BlackElo "2008"]
[PlyCount "109"]
[EventDate "1987.??.??"]

1. e4 e6 2. d4 d5 3. Nd2 Nf6 4. e5 Nfd7 5. f4 c5 6. c3 Nc6 7. Ndf3 cxd4 8. cxd4
Qb6 9. g3 Bb4+ 10. Kf2 f6 11. Kg2 O-O 12. Bd3 Be7 13. Ne2 Qc7 14. Qc2 f5 15. a3
a6 16. Be3 b5 17. g4 g6 18. gxf5 gxf5 19. Ng5 Nb6 20. b3 Bd7 21. Bf2 Rac8 22.
Qd2 Qd8 23. Nf3 Kh8 24. h3 Rg8+ 25. Kh2 Qf8 26. Bh4 Qh6 27. Bg5 Qh5 28. Qe3
Bxg5 29. fxg5 Ne7 30. Nf4 Qf7 31. Rac1 a5 32. Qd2 Ra8 33. Rc5 a4 34. Bxb5 axb3
35. Bxd7 Nxd7 36. Rc7 Rxa3 37. Qb4 Ra2+ 38. Kg3 Ng6 39. Qxb3 Raa8 40. Qb7 Rab8
41. Qc6 Nxf4 42. Kxf4 Rg7 43. Ra1 Nxe5 44. Rc8+ Rxc8 45. Qxc8+ Rg8 46. Nxe5 Qe7
47. Ng6+ hxg6 48. Qc3 Qd6+ 49. Kf3 Rg7 50. Qe1 Qc6 51. Rb1 Kg8 52. Rb8+ Kf7 53.
Qb4 Rg8 54. Rb7+ Ke8 55. Qe7# 1-0

[Event "London league"]
[Site "?"]
[Date "1987.09.21"]
[Round "?"]
[White "Stebbings, A."]
[Black "Stanton, W."]
[Result "1/2-1/2"]
[WhiteElo "2168"]
[BlackElo "1976"]
[PlyCount "64"]
[EventDate "1987.??.??"]

1. e4 e5 2. Nf3 Nc6 3. Bb5 a6 4. Ba4 Nf6 5. O-O Be7 6. d4 b5 7. Bb3 exd4 8. e5
Ne4 9. Bd5 Nc5 10. Nxd4 Bb7 11. Nf5 g6 12. Ng7+ Kf8 13. Bh6 Kg8 14. Bxf7+ Kxf7
15. Qf3+ Bf6 16. Qd5+ Ne6 17. exf6 Na5 18. Nxe6 dxe6 19. Qc5 Qd6 20. Qc3 Nc4
21. Nd2 Nxd2 22. Bxd2 Rhd8 23. Be3 Qc6 24. Qxc6 Bxc6 25. Bf4 Kxf6 26. Bxc7 Rd2
27. Rac1 Be4 28. Rfe1 Rxc2 29. Be5+ Kf7 30. Rxc2 Bxc2 31. f3 Rd8 32. Bc3 Rd5
1/2-1/2

[Event "Kent league"]
[Site "?"]
[Date "1987.09.24"]
[Round "?"]
[White "Seton, M."]
[Black "Stebbings, A."]
[Result "0-1"]
[WhiteElo "1952"]
[BlackElo "2168"]
[PlyCount "71"]
[EventDate "1987.??.??"]

1. e4 c5 2. Nf3 e6 3. b3 Nf6 4. d3 d5 5. Nbd2 Nc6 6. Bb2 Be7 7. g3 O-O 8. Bg2
d4 9. O-O e5 10. Ne1 Bg4 11. Bf3 Be6 12. Ng2 Qd7 13. Be2 Ne8 14. f4 f6 15. f5
Bf7 16. Bh5 Nd6 17. Nh4 b5 18. a4 a6 19. Bxf7+ Nxf7 20. Kf2 Rfc8 21. Nhf3 Na5
22. Qe2 Qc7 23. axb5 axb5 24. Rfc1 c4 25. dxc4 bxc4 26. bxc4 Rab8 27. Ba3 Bxa3
28. Rxa3 Nxc4 29. Nxc4 Qxc4 30. Qxc4 Rxc4 31. c3 Rbc8 32. Nd2 Rxc3 33. Raxc3
dxc3 34. Nb1 Nd6 35. Ke3 c2 36. Nd2 0-1

[Event "Kent league"]
[Site "?"]
[Date "1987.10.01"]
[Round "?"]
[White "Stebbings, A."]
[Black "McDonald, N."]
[Result "0-1"]
[WhiteElo "2168"]
[BlackElo "2304"]
[PlyCount "64"]
[EventDate "1987.??.??"]

1. d4 Nf6 2. c4 c5 3. Nf3 g6 4. Nc3 cxd4 5. Nxd4 Nc6 6. Nc2 Bg7 7. e4 O-O 8.
Be2 Ne8 9. Bd2 Nd6 10. O-O Bxc3 11. Bxc3 Nxe4 12. Be1 d6 13. Kh1 Be6 14. Nd4
Qb6 15. Nb5 Ne5 16. b3 a6 17. Nc3 Nf6 18. h3 Rfd8 19. f4 Nc6 20. Bf3 d5 21.
cxd5 Nxd5 22. Bxd5 Bxd5 23. Nxd5 Qb5 24. Nxe7+ Nxe7 25. Qf3 Rd3 26. Qf2 Nf5 27.
Kh2 Rc8 28. g4 Ne3 29. Kg1 Rc2 30. Qf3 Nxf1 31. Qxf1 Qd5 32. Bf2 Rdd2 0-1

[Event "Kent league"]
[Site "?"]
[Date "1987.10.14"]
[Round "?"]
[White "Taylor, D."]
[Black "Stebbings, A."]
[Result "0-1"]
[WhiteElo "1984"]
[BlackElo "2168"]
[PlyCount "70"]
[EventDate "1987.??.??"]

1. e4 c5 2. Nf3 e6 3. d4 cxd4 4. Nxd4 Nc6 5. Nc3 a6 6. Be2 Qc7 7. O-O Nf6 8.
Be3 Bb4 9. Nxc6 bxc6 10. Qd4 c5 11. Qd3 Bb7 12. f3 Rc8 13. a3 c4 14. Qd4 Bd6
15. g3 h5 16. Rad1 Be5 17. Qd2 h4 18. Bf4 hxg3 19. hxg3 Ke7 20. Bxe5 Qxe5 21.
f4 Qc5+ 22. Kg2 d6 23. Bf3 e5 24. f5 Rh7 25. Rh1 Rch8 26. Rxh7 Rxh7 27. g4 Bc6
28. Qe2 g5 29. fxg6 fxg6 30. Rh1 Rxh1 31. Kxh1 Qd4 32. g5 Ne8 33. Qh2 Ng7 34.
Kg2 Qe3 35. Qg3 Ne6 0-1

[Event "London league"]
[Site "?"]
[Date "1987.11.02"]
[Round "?"]
[White "Stebbings, A."]
[Black "Manley, J."]
[Result "1/2-1/2"]
[WhiteElo "2168"]
[BlackElo "2104"]
[PlyCount "62"]
[EventDate "1987.??.??"]

1. e4 e5 2. Nf3 Nc6 3. Bb5 f5 4. Nc3 fxe4 5. Nxe4 Nf6 6. Nxf6+ Qxf6 7. O-O Be7
8. Qe2 Nd4 9. Nxd4 exd4 10. Re1 c6 11. Bd3 d5 12. b3 Kd8 13. Bb2 Bd6 14. c4
dxc4 15. Bxc4 Rf8 16. Bd3 Bd7 17. f3 Rc8 18. Qf2 c5 19. Be4 Rc7 20. Rac1 h5 21.
b4 b6 22. bxc5 bxc5 23. Ba3 h4 24. Re2 Be6 25. d3 Qf4 26. h3 Qg5 27. Kf1 Bg3
28. Qg1 Bf4 29. Rb1 Kd7 30. Rc2 Be3 31. Qh2 Bf4 1/2-1/2

[Event "London league"]
[Site "?"]
[Date "1987.11.09"]
[Round "?"]
[White "Stebbings, A."]
[Black "Wade, R."]
[Result "1/2-1/2"]
[WhiteElo "2168"]
[BlackElo "2152"]
[PlyCount "124"]
[EventDate "1987.??.??"]

1. d4 c5 2. e3 e6 3. c4 b6 4. Nc3 Nf6 5. Nf3 cxd4 6. exd4 Bb7 7. a3 Be7 8. d5
exd5 9. cxd5 d6 10. Bb5+ Nfd7 11. Nd4 O-O 12. O-O a6 13. Be2 Bf6 14. Be3 Re8
15. Rc1 Ne5 16. Qd2 b5 17. Rfd1 Nc4 18. Bxc4 bxc4 19. Qc2 Nd7 20. Qa4 Nb6 21.
Qb4 Rb8 22. Ne6 fxe6 23. Bxb6 Qd7 24. dxe6 Qxe6 25. Qxd6 Bxg2 26. Be3 Bf3 27.
Qxe6+ Rxe6 28. Rd2 Be5 29. Ne2 Rg6+ 30. Ng3 h5 31. Rxc4 Bxb2 32. Rf4 Bc6 33. f3
Be5 34. Rf5 Re8 35. Bf4 Bc3 36. Rd3 Bf6 37. Rxh5 Bb5 38. Rd2 Bc3 39. Rd6 Rxd6
40. Bxd6 Re3 41. Kg2 Rd3 42. Ne4 Bc6 43. Rc5 Bxe4 44. fxe4 Bb2 45. Rd5 Re3 46.
Ra5 Rxe4 47. Rxa6 Kh7 48. Bg3 Rc4 49. a4 Rc5 50. Re6 Bc3 51. Kf3 Ba5 52. Re4
Kg6 53. Ke3 Kf5 54. Kd3 g5 55. Bd6 Rd5+ 56. Rd4 Ke6 57. Rxd5 Kxd5 58. Bg3 g4
59. Ke3 Bb6+ 60. Kf4 Bg1 61. Kxg4 Bxh2 62. Bxh2 Kc5 1/2-1/2

[Event "National Club ch."]
[Site "?"]
[Date "1987.11.15"]
[Round "?"]
[White "Stebbings, A."]
[Black "Hyde, K."]
[Result "1-0"]
[WhiteElo "2168"]
[BlackElo "2008"]
[PlyCount "81"]
[EventDate "1987.??.??"]

1. e4 d5 2. exd5 Nf6 3. c4 c6 4. d4 cxd5 5. Nc3 g6 6. Qb3 Bg7 7. cxd5 O-O 8.
Be2 Nbd7 9. Bf3 Nb6 10. Nge2 Bf5 11. a4 Qc8 12. a5 Nc4 13. d6 Nxd6 14. a6 Rb8
15. axb7 Nxb7 16. Qa3 Bg4 17. Bxg4 Nxg4 18. h3 Nf6 19. Qxe7 Re8 20. Qa3 a5 21.
Bf4 Ra8 22. O-O Bf8 23. Qa4 Nd6 24. Rac1 Qb7 25. Rc2 Rec8 26. Rfc1 Rc4 27. Qa2
Rb4 28. Na4 Nde4 29. f3 Nd6 30. Bd2 Rb5 31. Rc7 Qd5 32. Qxd5 Nxd5 33. R7c5 Nb4
34. Rxb5 Nxb5 35. Nb6 Re8 36. Rc8 Rxc8 37. Nxc8 Bg7 38. Bxb4 axb4 39. Ne7+ Kf8
40. Nc6 b3 41. Kf2 1-0

[Event "Kent league"]
[Site "?"]
[Date "1987.11.17"]
[Round "?"]
[White "Stebbings, A."]
[Black "Mack, A."]
[Result "1/2-1/2"]
[WhiteElo "2168"]
[BlackElo "2072"]
[PlyCount "70"]
[EventDate "1987.??.??"]

1. e4 e6 2. d4 d5 3. Nd2 Nf6 4. e5 Nfd7 5. f4 c5 6. c3 Nc6 7. Ndf3 Qb6 8. g3 f6
9. Bd3 cxd4 10. cxd4 Be7 11. Kf1 O-O 12. Kg2 Kh8 13. Bb1 Rf7 14. Ne2 Nf8 15. b3
Bd7 16. Bb2 a5 17. a3 Rc8 18. h4 a4 19. b4 Na5 20. Ra2 Nc4 21. Bc1 Bb5 22. h5
Bd8 23. g4 Rcc7 24. Rc2 Be8 25. Nc3 Qa6 26. Kg3 b6 27. Qd3 Qc8 28. Nh4 f5 29.
g5 Qb7 30. Kf3 Rc8 31. Ng6+ Kg8 32. Nxf8 Rxf8 33. h6 g6 34. Rhh2 Rf7 35. Ba2
Rfc7 1/2-1/2

[Event "County match"]
[Site "?"]
[Date "1987.12.12"]
[Round "?"]
[White "Stebbings, A."]
[Black "Tucker, D."]
[Result "1-0"]
[WhiteElo "2168"]
[BlackElo "2008"]
[PlyCount "75"]
[EventDate "1987.??.??"]

1. d4 Nf6 2. c4 g6 3. Nc3 Bg7 4. e4 d6 5. f4 O-O 6. Nf3 c5 7. d5 b5 8. cxb5 a6
9. a4 Bd7 10. Bd2 e6 11. dxe6 fxe6 12. Ra3 Nh5 13. g3 Ra7 14. Qb3 Rb7 15. Qc2
axb5 16. axb5 Qe7 17. Be2 Rc8 18. O-O d5 19. exd5 exd5 20. Re1 Qd6 21. Nxd5 Kh8
22. Ne5 Be6 23. Ne3 Nf6 24. N3c4 Qf8 25. Bf3 Rxb5 26. Nxg6+ hxg6 27. Rxe6 Rd8
28. Qxg6 Nbd7 29. Bc3 Rb4 30. Nd6 Rb6 31. Nf7+ Kg8 32. Nh6+ Kh8 33. Nf7+ Kg8
34. Nxd8 Qxd8 35. Ra8 Rb8 36. Rxb8 Qxb8 37. Bxf6 Nxf6 38. Rxf6 1-0

[Event "London league"]
[Site "?"]
[Date "1988.01.04"]
[Round "?"]
[White "Prizant, M."]
[Black "Stebbings, A."]
[Result "0-1"]
[WhiteElo "2072"]
[BlackElo "2168"]
[PlyCount "60"]
[EventDate "1988.??.??"]

1. e4 c5 2. Nf3 e6 3. d4 cxd4 4. Nxd4 Nc6 5. Nc3 a6 6. Be3 Qc7 7. Bd3 Nf6 8.
O-O Ne5 9. h3 Bc5 10. Qe2 d6 11. f4 Ng6 12. Nb3 Bxe3+ 13. Qxe3 b5 14. a4 b4 15.
Na2 Rb8 16. a5 O-O 17. Rae1 Re8 18. Rf2 Re7 19. Qd2 Qb7 20. e5 dxe5 21. fxe5
Nd5 22. Qg5 Qa7 23. Re4 Bd7 24. h4 Bb5 25. Bxb5 Rxb5 26. h5 f6 27. Qd2 Nxe5 28.
Nd4 Rxa5 29. Nxb4 Ra1+ 30. Kh2 Qb8 0-1

[Event "Kent league"]
[Site "?"]
[Date "1988.01.13"]
[Round "?"]
[White "Stebbings, A."]
[Black "Sefton, R."]
[Result "1-0"]
[WhiteElo "2168"]
[BlackElo "2008"]
[PlyCount "51"]
[EventDate "1988.??.??"]

1. e4 e6 2. d4 d5 3. Nd2 c5 4. exd5 Qxd5 5. Ngf3 cxd4 6. Bc4 Qd6 7. O-O Nf6 8.
Nb3 Nc6 9. Nbxd4 Nxd4 10. Nxd4 a6 11. b3 Qc7 12. Re1 Bd7 13. Bb2 O-O-O 14. Qe2
Bd6 15. Nf3 Bc6 16. Ne5 Be4 17. Nxf7 Qxf7 18. Bxf6 Qxf6 19. Qxe4 e5 20. Bd5 Rd7
21. Rad1 Rf8 22. Re2 Bc5 23. Rdd2 Bd4 24. c3 Rc7 25. Bxb7+ Kb8 26. Rc2 1-0